000 02432cam a2200337 4500500
005 20251228071313.0
041 _afre
042 _adc
100 1 0 _aManseur, Zahia
_eauthor
245 0 0 _aEntre projet de départ et soumission : la souffrance de la femme battue
260 _c2004.
500 _a2
520 _aL'objet de cet article est d'analyser la violence conjugale que subissent certaines femmes. À partir des entretiens semi-directifs réalisés auprès de 9 femmes violentées, je tente de montrer dans cet article que le cercle de la violence est présent dans beaucoup de familles et que, lorsqu'il s'installe, le rompre n'est pas chose évidente. Globalement, il s'agit de se poser des ques~tions suivantes : quels sont les éléments qui amènent la violence dans un couple, quels sont les éléments déclencheurs qui poussent ces femmes à rompre avec la violence ? À travers ces questions, il s'agit essentiellement d'appréhender les mécanismes de la violence conjugale et de mieux cerner les raisons qui incitent ces femmes violentées à rompre avec le cercle du mal.
520 _aZahia MANSEUR « Between starting project and submission: the suffering of the hit woman » This article aims at analysing the domestic violence suffered by some women. Semi-directive interviews were done with nine assaulted women. Through these interviews, I try to show that the circle of violence is present in many families and that once it has settled, it is really difficult to break it. Generally, we try to deal with the following questions: what are the elements that provoke the settlement of violence in a couple, what are the elements that make the women react in order to break this violence? Through those questions, we try to understand the mech~anisms of domestic violence and the reasons why some of hit women break with this evil circle.
690 _aé
690 _afemmes
690 _afemmes battues
690 _ahommes
690 _asouffrance
690 _asoumission
690 _aviolence conjugale
690 _aaggressiveness
690 _adomestic violence
690 _ahit women
690 _amen
690 _asubmission
690 _asuffering
690 _awomen
786 0 _nPensée plurielle | 8 | 2 | 2004-08-01 | p. 103-118 | 1376-0963
856 4 1 _uhttps://shs.cairn.info/revue-pensee-plurielle-2004-2-page-103?lang=fr&redirect-ssocas=7080
999 _c1593551
_d1593551